Ciencias naturales 8 : geología /
Guardado en:
| Autor Principal: | |
|---|---|
| Otros Autores: | |
| Formato: | Libro |
| Publicado: |
Buenos Aires :
A-z,
1998
|
| Materias: | |
| Etiquetas: |
Agregar Etiqueta
Sin Etiquetas, Sea el primero en etiquetar este registro!
|
| LEADER | 01292nam a22003015a 4500 | ||
|---|---|---|---|
| 001 | CEM.cems017943 | ||
| 005 | 20121218084011.0 | ||
| 008 | 130507s1998##################000#0#####d | ||
| 003 | CEMS | ||
| 020 | |a 9505344317 | ||
| 082 | 0 | 4 | |a 570 |
| 100 | 1 | |a Botto, Juan L. | |
| 245 | 1 | 0 | |a Ciencias naturales 8 : |b geología / |c Enrique A. Montes ; coordinado Por Juan L. Botto |
| 260 | |a Buenos Aires : |b A-z, |c 1998 | ||
| 300 | |a 63 p. | ||
| 500 | |a Para 3er. Ciclo Egb | ||
| 505 | 0 | |a Estructura interna de la tierra -- Características del interior de la tierra -- Cómo cambia la faz de la tierra, antecedentes históricos -- Nos movemos, conceptos acerca de la teoría de la Tectónica de placas -- El material fundido del interior de la tierra y la formación de rocas -- Procesos magmáticos -- Metamorfismo -- Los minerales, una maravilla de la naturaleza -- Minerales -- Propiedades de los minerales | |
| 653 | |a Geología | ||
| 653 | |a Ciencias naturales-8 egb | ||
| 653 | |a Tierra-estructura | ||
| 653 | |a Deriva continental-teoría | ||
| 653 | |a Tectónica de placas-teoría | ||
| 653 | |a Rocas | ||
| 653 | |a Rocas ígneas | ||
| 653 | |a Minerales | ||
| 653 | |a Rocas metamórficas | ||
| 700 | 1 | |a Montes, Enrique A. | |
| 859 | |a CEMS |b BIB. CEMS - Agricultura |h 570 |i B659-3a3 |p A1774.12 |t Ej.1 |v 8 |3 8 | ||
